Does God live here anymore? : (Record no. 6238)

MARC details
000 -LEADER
fixed length control field 00645nam a22002057a 4500
003 - CONTROL NUMBER IDENTIFIER
control field GBCCL
005 - DATE AND TIME OF LATEST TRANSACTION
control field 20241126110559.0
008 - FIXED-LENGTH DATA ELEMENTS--GENERAL INFORMATION
fixed length control field 180504b ||||| |||| 00| 0 eng d
020 ## - INTERNATIONAL STANDARD BOOK NUMBER
International Standard Book Number 0891095969
040 ## - CATALOGING SOURCE
Transcribing agency gbc
082 ## - DEWEY DECIMAL CLASSIFICATION NUMBER
Classification number 248.83
Item number SCI
100 ## - MAIN ENTRY--PERSONAL NAME
Personal name Sciacca, Jill
9 (RLIN) 11189
245 ## - TITLE STATEMENT
Title Does God live here anymore? :
Remainder of title a Bible study for young adults on Christian perspective /
Statement of responsibility, etc. Fran & Jill Sciacca
250 ## - EDITION STATEMENT
Edition statement 2nd printing
260 ## - PUBLICATION, DISTRIBUTION, ETC.
Place of publication, distribution, etc. Minneapolis, MN :
Name of publisher, distributor, etc. World Wide Publications,
Date of publication, distribution, etc. 1989
300 ## - PHYSICAL DESCRIPTION
Extent 53 p.;
Other physical details ill.,
Dimensions 21 cm.
650 ## - SUBJECT ADDED ENTRY--TOPICAL TERM
Topical term or geographic name entry element Youth
General subdivision Religious life.
9 (RLIN) 460
650 ## - SUBJECT ADDED ENTRY--TOPICAL TERM
Topical term or geographic name entry element Bible
General subdivision Study and teaching.
9 (RLIN) 10863
942 ## - ADDED ENTRY ELEMENTS (KOHA)
Source of classification or shelving scheme Dewey Decimal Classification
Koha item type Books
Holdings
Withdrawn status Lost status Source of classification or shelving scheme Damaged status Not for loan Home library Current Library Shelving location Date acquired Total checkouts Full call number Barcode Date last seen Copy number Price effective from Koha item type
    Dewey Decimal Classification     GRACE BIBLE COLLEGE GRACE BIBLE COLLEGE Ministry & Mission 2018-05-04   248.83 SCI 005862 2025-05-01 c.1 2018-05-04 Books
© Grace Bible College Library 2025